[Event "URS Spartakiada (Women)"]
[Site "Azov"]
[Date "1991.??.??"]
[Round "3"]
[White "Ruchieva, Natalia"]
[Black "Korkina, Svetlana"]
[Result "1/2-1/2"]
[WhiteElo "2245"]
[BlackElo "2285"]

1.e4 c5 2.Nf3 Nc6 3.Nc3 g6 4.d4 cxd4 5.Nxd4 Bg7 6.Nb3 Bxc3+ 7.bxc3 Nf6 8.Bd3 O-O
9.Qe2 Qc7 10.f4 d6 11.h3 b6 12.Bb2 Bb7 13.g4 b5 14.O-O-O Na5 15.Nxa5 Qxa5
16.Kb1 a6 17.h4 Qa4 18.Rde1 Bc8 19.f5 d5 20.e5 Nxg4 21.e6 fxe6 22.fxg6 e5
23.gxh7+ Kh8 24.Rhg1 Be6 25.Rxg4 Qxg4 26.Qxe5+ Rf6 27.c4 bxc4 28.Qxe6 Qxe6
29.Rxe6 cxd3 30.cxd3 Kxh7 31.Rxe7+ Kg6 32.h5+ Kf5 33.Bxf6 Kxf6 34.Rd7 Ke6
35.Rb7 Rh8 36.h6 Ke5 37.h7 Kd4 38.Kc2 a5 39.Rg7 Rc8+ 40.Kd2 Rh8 41.Rg4+ Ke5
42.Rh4 d4 43.Ke2 Kf6 44.Kf3 Kg5 45.Rh1 Kf5 46.Rh2 a4 47.a3 Ke5 48.Rh5+ Kf6
49.Kg4 Kg7 50.Kg5  1/2-1/2

[Event "Bad Woerishofen op"]
[Site "Bad Woerishofen"]
[Date "1991.??.??"]
[Round "2"]
[White "Kindermann, Stefan"]
[Black "Roeder, Frank"]
[Result "1/2-1/2"]
[WhiteElo "2515"]
[BlackElo "2285"]

1.e4 c5 2.Nc3 Nc6 3.Nge2 e5 4.Nd5 g6 5.Nec3 Bg7 6.Bc4 Nge7 7.d3 Nxd5 8.Nxd5 d6
9.c3 Be6 10.O-O O-O 11.f4 Ne7 12.Nxe7+ Qxe7 13.f5 gxf5 14.exf5 Bxc4 15.dxc4 Kh8
16.Rf3 e4 17.Rh3 Be5 18.Qh5 f6 19.Bh6 Rg8 20.Re1 b5 21.Qe2 bxc4 22.Qxe4 Rae8
23.Rhe3 Qf7 24.Qf3 d5 25.Bf4 Bxf4 26.Qxf4 Rxe3 27.Qxe3 d4 28.Qe6 Qxe6 29.fxe6 Kg7
30.cxd4 cxd4 31.Re4 Rb8 32.Rxd4 Rxb2 33.Rxc4 Rxa2 34.Kf1 Ra5 35.Rc8 Rf5+
36.Ke2 Re5+  1/2-1/2

[Event "BUL-chT"]
[Site "Bankia"]
[Date "1991.??.??"]
[Round "1"]
[White "Antonov, Vladimir"]
[Black "Manolov, Ivan"]
[Result "1/2-1/2"]
[WhiteElo "2395"]
[BlackElo "2380"]

1.e4 c5 2.Nc3 Nc6 3.Nge2 e5 4.Ng3 g6 5.Bc4 Bg7 6.d3 d6 7.O-O Nge7 8.f4 exf4
9.Bxf4 O-O 10.Qd2 Be6 11.Bxe6 fxe6 12.Bh6 Qd7 13.Qg5 Bxh6 14.Qxh6 Nd4 15.Qd2 Nec6
16.Nce2 Nxe2+ 17.Nxe2 Qg7 18.c3 Rxf1+ 19.Rxf1 Rf8  1/2-1/2

[Event "Bardejov"]
[Site "Bardejov"]
[Date "1991.??.??"]
[Round "?"]
[White "Dobrovolsky, Ladislav"]
[Black "Salai, Ladislav"]
[Result "1-0"]
[WhiteElo "2395"]
[BlackElo "2380"]

1.e4 c5 2.Nf3 Nc6 3.Nc3 Nf6 4.e5 Ng4 5.Qe2 f6 6.exf6 Nxf6 7.d4 cxd4 8.Nb5 d6
9.Nfxd4 e5 10.Bg5 Be7 11.Bxf6 Bxf6 12.O-O-O Nxd4 13.Rxd4 Be7 14.Qc4 exd4
15.Nc7+ Kf8 16.Nxa8 d5 17.Qxd4 Bf5 18.Bd3 Bxd3 19.Qxd3 Qxa8 20.Qxd5 Qd8 21.Qf5+ Bf6
22.Rd1 Qb6 23.c3 Kf7 24.Rd7+ Ke8 25.Qd5 Be7 26.Rxb7 Qd6 27.Qxd6 Bxd6 28.Rxa7 Rf8
29.Ra8+ Kf7 30.Rxf8+ Kxf8 31.h3 Bc5 32.f3 Be3+ 33.Kc2 Ke7 34.Kd3 Bc1 35.b4 Kd6
36.a4 Kd5 37.a5 Bg5 38.a6 Kc6 39.b5+ Kb6 40.c4  1-0

[Event "Pan American"]
[Site "Bariloche"]
[Date "1991.??.??"]
[Round "15"]
[White "Moreno, Alberto"]
[Black "Playa, Marcelo"]
[Result "0-1"]
[WhiteElo "2235"]
[BlackElo "2295"]

1.e4 c5 2.Nf3 Nc6 3.Nc3 g6 4.d4 cxd4 5.Nxd4 Bg7 6.Be3 Nf6 7.Bc4 d6 8.h3 O-O
9.Bb3 Bd7 10.O-O a6 11.Qe2 b5 12.Rad1 Rc8 13.Nxc6 Bxc6 14.e5 Ne8 15.Bd4 d5
16.e6 f6 17.Qe3 Nd6 18.g4 Nc4 19.Bxc4 dxc4 20.Bb6 Qe8 21.f4 f5 22.g5 Rb8
23.Bd4 Bxd4 24.Rxd4 b4 25.Nd5 Bxd5 26.Rxd5 Qc6 27.Rfd1 Rb6 28.Kh2 c3 29.b3 Re8
30.Rd8 Rb8 31.R8d5 Qb6 32.R1d4 Rbc8 33.Rd3 Qxe3 34.Rxe3 Red8 35.Rd7 Kf8 36.Red3 Rxd7
37.exd7 Rd8 38.Rd4 a5 39.Kg3 e6 40.Rd6 Ke7 41.Ra6 Rxd7 42.Rxa5 Rd2 43.Rb5 Rxc2
44.Rxb4 Rc1 45.Rc4 c2 46.Kg2 e5  0-1

[Event "Belgorod"]
[Site "Belgorod"]
[Date "1991.??.??"]
[Round "?"]
[White "Yakovich, Yuri"]
[Black "Lhagvasuren, Cedendemberel"]
[Result "1-0"]
[WhiteElo "2530"]
[BlackElo "2350"]

1.e4 c5 2.Nc3 Nc6 3.Nge2 d6 4.d4 cxd4 5.Nxd4 e6 6.Be3 Nf6 7.f4 Qc7 8.Qf3 a6
9.O-O-O Be7 10.Rg1 Nxd4 11.Bxd4 Bd7 12.g4 e5 13.Bf2 Bc6 14.g5 Nd7 15.f5 Rc8
16.Bc4 b5 17.Bb3 a5 18.f6 gxf6 19.gxf6 Bxf6 20.Bh4 a4 21.Bxf6 Rf8 22.Bg7 axb3
23.Bxf8 Nxf8 24.axb3 b4 25.Nb1 Bb5 26.c4 bxc3 27.Nxc3 Ng6 28.Qf6 Qa5 29.Rg3 Bc6
30.Kb1 Qc5 31.Qf3 Ra8 32.Qd3 Ke7 33.Qc4 Qb6 34.Rgd3 Rd8 35.Nd5+ Bxd5 36.Rxd5 Nf4
37.Rb5 Qa7 38.Qb4  1-0

[Event "Belgrade-C"]
[Site "Belgrade"]
[Date "1991.??.??"]
[Round "1"]
[White "Ciric, Dragoljub M"]
[Black "Cabrilo, Goran"]
[Result "1/2-1/2"]
[WhiteElo "2380"]
[BlackElo "2490"]

1.e4 c5 2.Nf3 Nc6 3.Nc3 d6 4.d4 cxd4 5.Nxd4 Nf6 6.Bc4 Qb6 7.Nb3 e6 8.O-O a6
9.a4 Qc7 10.f4 Be7 11.a5 b5 12.axb6 Qxb6+ 13.Kh1  1/2-1/2

[Event "Belgrade-A"]
[Site "Belgrade"]
[Date "1991.??.??"]
[Round "4"]
[White "Landa, Konstantin"]
[Black "Markovic, Miroslav"]
[Result "0-1"]
[WhiteElo "2460"]
[BlackElo "2395"]

1.e4 c5 2.Nc3 Nc6 3.Nf3 Nf6 4.Bb5 g6 5.Qe2 Bg7 6.e5 Ng4 7.Bxc6 dxc6 8.h3 Nh6
9.g4 O-O 10.d3 f5 11.g5 Nf7 12.Bf4 Qa5 13.Qe3 Be6 14.h4 Bd5 15.Rh3 Rad8 16.Nd2 Be6
17.Nf3 Bd5 18.Nd2 Qb4 19.O-O-O Qd4 20.Re1 b5 21.Kb1 Be6 22.Nf3 Qxe3 23.Rxe3 Rd4
24.Ne2 Rd7 25.Rh2 Nd8 26.Bg3 Bd5 27.Nd2 Ne6 28.f4 c4 29.dxc4 Bxc4 30.Nxc4 Rd1+
31.Nc1 bxc4 32.Rhe2 Rfd8 33.c3 Nc5 34.Kc2 Ne4 35.Be1 Bf8 36.b3 e6 37.bxc4 Ba3
38.Nb3 c5 39.Bd2 Rh1 40.Rd3 Rxd3 41.Kxd3 Rxh4 42.Kc2 Rh1 43.Be1 h5 44.gxh6 Kh7
45.Nd2 Nxd2 46.Bxd2 Ra1 47.Kb3 Bc1 48.Re1 Bxd2 49.Rxa1 Bxf4 50.Kc2 Kxh6 51.Rh1+ Kg7
52.Rb1 Bxe5 53.Rb7+ Kf6 54.Rxa7 g5 55.a4 g4 56.a5 g3 57.Rb7 g2 58.Rb1 f4
59.Kd3 Kf5 60.a6 f3 61.Ke3 Kg4 62.a7 Bf4+ 63.Kf2 Bg3+ 64.Ke3 f2 65.a8=Q f1=Q
66.Qg8+ Kh3 67.Qxe6+ Kh2 68.Qh6+ Kg1 69.Qb6 Be1 70.Qb2 Kh1 71.Qb7 Qf2+ 72.Kd3 Qd2+
73.Ke4 g1=Q 74.Ke5+ Qgg2  0-1

[Event "Berliner Sommer"]
[Site "Berlin"]
[Date "1991.??.??"]
[Round "?"]
[White "Gipslis, Aivars"]
[Black "Furhoff, Johan"]
[Result "1/2-1/2"]
[WhiteElo "2465"]
[BlackElo "2300"]

1.e4 c5 2.Nf3 Nc6 3.Nc3 e6 4.Bb5 Nd4 5.Bd3 Ne7 6.O-O Nec6 7.b3 g6 8.Nxd4 Nxd4
9.Bb2 Bg7 10.Nb5 O-O 11.Nxd4 cxd4 12.f4 f5 13.exf5 gxf5 14.Qf3 d6 15.c3 Qa5
16.Kh1 Kh8 17.cxd4 Qxd2 18.Rf2 Qb4 19.Rd1 Bd7 20.d5  1/2-1/2

[Event "POL-chB"]
[Site "Bielsko-Biala"]
[Date "1991.??.??"]
[Round "7"]
[White "Zyla, Janusz"]
[Black "Czerwonski, Aleksander"]
[Result "1/2-1/2"]
[WhiteElo "2240"]
[BlackElo "2370"]

1.e4 c5 2.Nf3 Nc6 3.Nc3 d6 4.d4 cxd4 5.Nxd4 e5 6.Nf3 Nf6 7.Bg5 Be7 8.Bxf6 Bxf6
9.Nd5 Be6 10.c3 Bxd5 11.Qxd5 O-O 12.Bc4 Qc7 13.O-O g6 14.Qd3 Bg7 15.Bb3 Kh8
16.Ng5 Qe7 17.Qg3 Bh6 18.Nh3 f5 19.exf5 gxf5 20.f4 Rf6 21.Bd5 Rg6 22.Qf3 e4
23.Qh5 Qf6 24.Kh1 Ne7 25.Rad1 Rc8 26.Rd2 b5 27.Rfd1 a5 28.g3 b4 29.cxb4 axb4
30.Bb3 Rd8 31.Qe2 Rf8 32.Qb5 Bg7 33.Qxb4 d5 34.Bxd5 e3 35.Rg2 Nxd5 36.Rxd5 Re8
37.Qb5 Qf7 38.Ng5 Qg8 39.Rxf5 h6 40.Nf7+ Kh7 41.Re2 Re7 42.Qd5 Qc8 43.Kg2 Rd7
44.Qe4 Rd4 45.Qc2 Rc4 46.Qd3 Rd4 47.Qc2 Rc4 48.Qd3 Rd4  1/2-1/2

[Event "CSR-ch"]
[Site "Bratislava"]
[Date "1991.??.??"]
[Round "1"]
[White "Blucha, Dalibor"]
[Black "Dobrovolsky, Ladislav"]
[Result "0-1"]
[WhiteElo "2305"]
[BlackElo "2395"]

1.e4 c5 2.Nc3 Nc6 3.Nge2 Nf6 4.g3 e6 5.Bg2 d5 6.exd5 exd5 7.d4 cxd4 8.Nxd4 Bg4
9.Qd3 Be7 10.O-O O-O 11.Be3 Qd7 12.Rfe1 Rfd8 13.f3 Bh5 14.Rad1 Bg6 15.Qd2 Na5
16.Qf2 Nc4 17.Bc1 Rac8 18.a3 Nxa3 19.Nxd5 Nxd5 20.bxa3 Nc3 21.Nf5 Nxd1 22.Nxe7+ Qxe7  0-1

[Event "CSR-ch"]
[Site "Bratislava"]
[Date "1991.??.??"]
[Round "3"]
[White "Blucha, Dalibor"]
[Black "Polak, Tomas"]
[Result "0-1"]
[WhiteElo "2305"]
[BlackElo "2330"]

1.e4 c5 2.Nc3 Nc6 3.Nge2 g6 4.d4 cxd4 5.Nxd4 Bg7 6.Be3 Nf6 7.Bc4 d6 8.f3 O-O
9.Bb3 Bd7 10.Qd2 Rc8 11.h4 h5 12.O-O-O Ne5 13.Kb1 Nc4 14.Bxc4 Rxc4 15.Nde2 b5
16.Bd4 Be6 17.Nd5 Bxd5 18.exd5 Qd7 19.Qg5 Rfc8 20.Rd2 Kh7 21.Be3 Ng4 22.b3 Bh6
23.bxc4 Bxg5 24.Bxg5  0-1

[Event "CSR-ch"]
[Site "Bratislava"]
[Date "1991.??.??"]
[Round "5"]
[White "Blucha, Dalibor"]
[Black "Zedek, Alois"]
[Result "0-1"]
[WhiteElo "2305"]
[BlackElo "2340"]

1.e4 c5 2.Nc3 Nc6 3.Nge2 Nf6 4.d4 cxd4 5.Nxd4 e5 6.Nxc6 bxc6 7.Bc4 Bb4 8.O-O O-O
9.Bg5 h6 10.Bh4 Be7 11.Bg3 Qa5 12.Qe2 Rb8 13.Rab1 Re8 14.f4 Rb4 15.Bxf7+ Kxf7
16.fxe5 Kg8 17.exf6 Bxf6 18.a3 Rb6 19.b4 Qg5 20.Qc4+ d5 21.Nxd5 cxd5 22.exd5 Ba6
23.b5 Rc8 24.Qe4 Bb7 25.c4 Be7 26.Rf5 Rxc4 27.Qxc4 Qxf5 28.d6+ Bd5 29.Rf1 Bxc4
30.Rxf5 Bxd6 31.Bf2  0-1

[Event "CSR-ch"]
[Site "Bratislava"]
[Date "1991.??.??"]
[Round "6"]
[White "Gazik, Igor"]
[Black "Gross, Stefan"]
[Result "1-0"]
[WhiteElo "2395"]
[BlackElo "2435"]

1.e4 c5 2.Nf3 Nc6 3.Nc3 e5 4.g3 d6 5.Bg2 Nf6 6.O-O Bg4 7.h3 Bh5 8.d3 Be7
9.Be3 Qd7 10.a3 Nd4 11.g4 Bg6 12.Nh4 Ne6 13.Nf5 O-O 14.g5 Nh5 15.Qg4 Rfe8
16.Nd5 Bf8 17.h4 Rad8 18.Bh3 Qc6 19.Ng3 Nhf4 20.h5 f5 21.gxf6 Nxh3+ 22.Qxh3 Bf7
23.Nf5 Kh8 24.fxg7+ Nxg7 25.Nxg7 Bxg7 26.h6 Bf8 27.Bg5 Rb8 28.Bf6+ Kg8 29.Qg3+ Bg6
30.f4  1-0

[Event "Brno Morava-C"]
[Site "Brno"]
[Date "1991.??.??"]
[Round "1"]
[White "Faibisovich, Vadim Z"]
[Black "Michalek, Jan"]
[Result "1-0"]
[WhiteElo "2415"]
[BlackElo "2320"]

1.e4 c5 2.Nf3 Nc6 3.Nc3 g6 4.d4 cxd4 5.Nxd4 Bg7 6.Nde2 d6 7.g3 Bg4 8.Bg2 Nd4
9.Qd3 Nxe2 10.Nxe2 Qc8 11.Nf4 Nf6 12.O-O O-O 13.Be3 Re8 14.c4 Nd7 15.f3 Ne5
16.Qe2 Bd7 17.Rac1 b6 18.b3 Qb7 19.a4 Nc6 20.Qd2 Rac8 21.Nd5 Qb8 22.f4 e6
23.Nc3 Rcd8 24.Nb5 Bc8 25.Rfd1 Bf8 26.Qf2 Bb7 27.Rc3 Nb4 28.Bd4 d5 29.cxd5 exd5
30.e5 Nc6 31.Be3 d4 32.Nxd4 Nxd4 33.Rxd4 Bc5 34.Rxd8 Rxd8 35.Bf3 Bxe3 36.Qxe3 Bxf3
37.Qxf3 Rd2 38.Rd3 Rxd3 39.Qxd3 Qc7 40.h4 Qc5+ 41.Kg2 Kg7 42.Kf3 Qc6+ 43.Kf2 Qc5+
44.Ke2 Qc6 45.Kd2 Qg2+ 46.Kc3 Qf2 47.b4 a5 48.Kb3 axb4 49.Kxb4 Qc5+ 50.Kb3 Qf2
51.Qc3 Kg8 52.Kb4 Qe2 53.Qd4 Qe1+ 54.Kb5 Qxg3 55.Kxb6 Qb3+ 56.Kc5 Qa3+ 57.Qb4 Qh3
58.a5 Qc8+ 59.Kb5 Qb7+ 60.Kc4 Qc6+ 61.Kd4 Qd7+ 62.Kc3 Qc6+ 63.Qc4 Qf3+ 64.Kb4 Qb7+
65.Ka4 Qd7+ 66.Ka3 Qe7+ 67.Qb4 Qd8 68.Qc5 Qd3+ 69.Kb4 Qe4+ 70.Kb5 Qb7+ 71.Kc4 Qe4+
72.Qd4 Qc6+ 73.Kb4 Qb7+ 74.Qb6 Qe7+ 75.Kb5 Qe8+ 76.Kc5 Qe7+ 77.Kc6 Kg7 78.a6 Qe6+
79.Kc5 Qe7+ 80.Kc4 Qa3 81.a7 Qa2+ 82.Kb5 Qd5+ 83.Ka6 Kh6 84.Qb7 Qe6+ 85.Ka5 Qa2+
86.Kb6  1-0

[Event "Brocco op"]
[Site "Brocco"]
[Date "1991.??.??"]
[Round "7"]
[White "Ciric, Dragoljub M"]
[Black "Petursson, Margeir"]
[Result "0-1"]
[WhiteElo "2380"]
[BlackElo "2515"]

1.e4 c5 2.Nf3 Nc6 3.Nc3 g6 4.d4 cxd4 5.Nxd4 Bg7 6.Nb3 d6 7.Be2 Nf6 8.O-O O-O
9.Bg5 a6 10.f4 b5 11.Bf3 b4 12.Nd5 Nxd5 13.exd5 Na5 14.Re1 Nc4 15.Qe2 Qb6+
16.Qf2 Qxf2+ 17.Kxf2 a5 18.Be2 Ba6 19.Bxc4 Bxc4 20.Bxe7 Rfc8 21.Bxd6 Bxd5
22.Be5 Rxc2+ 23.Re2 Rxe2+ 24.Kxe2 Re8 25.Kf2 Bxe5 26.fxe5 Rxe5 27.Nxa5 Rf5+
28.Kg1 Bxg2 29.Kxg2 Rxa5 30.a4 bxa3 31.bxa3 Ra4 32.Kf3 Kf8 33.Ke3 Ke7 34.Kd3 Kd6
35.Kc3 Kc5 36.Kb3 Rh4 37.Rf1 f5 38.Rf2 Rh3+ 39.Ka4 Rc3 40.Rd2 f4 41.Rd7 Rh3
42.Rf7 f3 43.Ka5 f2 44.a4 Rxh2 45.Ka6 Kd4 46.a5 Ke3  0-1

[Event "Brocco op"]
[Site "Brocco"]
[Date "1991.??.??"]
[Round "9"]
[White "Ciric, Dragoljub M"]
[Black "Barbero, Gerardo F"]
[Result "1/2-1/2"]
[WhiteElo "2380"]
[BlackElo "2495"]

1.e4 c5 2.Nf3 Nc6 3.Nc3 d6 4.d4 cxd4 5.Nxd4 Nf6 6.Bc4 Bd7 7.O-O g6 8.Bg5 Bg7
9.Nxc6 bxc6 10.h3 O-O 11.Qd2 Rb8 12.Bb3 Qc7 13.Rad1 Bc8 14.Rfe1 Bb7 15.Bh6 Bxh6
16.Qxh6 c5 17.Bc4 Nd7 18.f4  1/2-1/2

[Event "Spring op"]
[Site "Budapest"]
[Date "1991.??.??"]
[Round "1"]
[White "Dudas, Janos"]
[Black "Madl, Ildiko"]
[Result "0-1"]
[WhiteElo "2290"]
[BlackElo "2380"]

1.e4 c5 2.Nc3 Nc6 3.Nf3 d6 4.d4 cxd4 5.Nxd4 Nf6 6.Nxc6 bxc6 7.Bd3 g6 8.O-O Bg7
9.f4 O-O 10.f5 Rb8 11.Kh1 Qa5 12.Qe1 e6 13.Bd2 exf5 14.exf5 Qc5 15.Rb1 Bxf5
16.Bxf5 gxf5 17.Qg3 Kh8 18.Be3 Qc4 19.Qf4 Ne4 20.Bxa7 Rb7 21.Bg1 Qe6 22.Rbe1 d5
23.Qxf5 Qxf5 24.Rxf5 Nxc3 25.bxc3 Bxc3 26.Ref1 Ra8 27.R5f3 Be5 28.Rxf7 Rxf7
29.Rxf7 Rxa2 30.Re7 Bc3 31.Re3 d4 32.Re6 Ra1 33.h3 c5 34.Rc6 d3 35.Rxc5 d2
36.Rc8+ Kg7 37.Rc7+ Kf6 38.Rc6+ Ke7  0-1

[Event "Escom IM-B"]
[Site "Budapest"]
[Date "1991.??.??"]
[Round "10"]
[White "Fadel, Mario"]
[Black "Berebora, Ferenc"]
[Result "0-1"]
[WhiteElo "2220"]
[BlackElo "2310"]

1.e4 c5 2.Nc3 Nc6 3.Nge2 g6 4.d4 cxd4 5.Nxd4 Bg7 6.Be3 d6 7.Bc4 Nf6 8.Nxc6 bxc6
9.h3 O-O 10.O-O Bb7 11.Bb3 d5 12.e5 Nd7 13.f4 e6 14.Na4 Ba6 15.Rf2 Qe7 16.c3 c5
17.Bc2 Rfc8 18.b3 f6 19.exf6 Bxf6 20.Qd2 d4 21.cxd4 cxd4 22.Bxd4 Rxc2 23.Qxc2 Bxd4
24.Qc6 Nb6 25.Nxb6 Bb7 26.Qb5 axb6 27.Rd1 Bxf2+ 28.Kxf2 Qc5+ 29.Qxc5 bxc5
30.a4 Bd5 31.Ra1 Rb8 32.a5 Rxb3 33.a6 Rb2+ 34.Kg3 Ra2 35.Rc1 c4 36.f5 gxf5
37.a7 Rxa7 38.Kh2 Ra2 39.Rh1 Rxg2+  0-1

[Event "Buenos Aires Konex"]
[Site "Buenos Aires"]
[Date "1991.??.??"]
[Round "3"]
[White "Salazar, Hernan"]
[Black "Madina, Martin"]
[Result "1-0"]
[WhiteElo "2390"]
[BlackElo "2285"]

1.e4 c5 2.Nc3 Nc6 3.Nge2 g6 4.d4 cxd4 5.Nxd4 Bg7 6.Be3 d6 7.Be2 Nf6 8.O-O O-O
9.Qd2 Bd7 10.Rad1 Nxd4 11.Bxd4 Bc6 12.Bf3 Nd7 13.Bxg7 Kxg7 14.Nd5 Kg8 15.Qh6 e6
16.Nc3 Ne5 17.Be2 Qb6 18.Qc1 Rfd8 19.Kh1 Be8 20.f4 Nc6 21.f5  1-0

[Event "Buenos Aires GP"]
[Site "Buenos Aires"]
[Date "1991.??.??"]
[Round "4"]
[White "Adla, Diego"]
[Black "Fraschini, Mariano"]
[Result "1/2-1/2"]
[WhiteElo "2435"]
[BlackElo "2350"]

1.e4 c5 2.Nf3 Nc6 3.Nc3 d6 4.d4 cxd4 5.Nxd4 Nf6 6.Be3 e5 7.Nf3 Be7 8.Bc4 Be6
9.Nd2 d5 10.exd5 Nxd5 11.Nxd5 Bxd5 12.O-O O-O 13.Qe2 Qd7 14.Rfd1 Rfd8 15.Bxd5 Qxd5
16.Qg4 Qd7 17.Qxd7 Rxd7 18.Ne4 Rad8 19.Rxd7 Rxd7 20.g4 f6 21.Kf1 Kf7 22.c3 g6
23.Ke2 Ke6 24.Rg1 b6 25.h4 Na5 26.h5 Nc4 27.hxg6 hxg6 28.Bc1 Nd6 29.Nxd6 Bxd6
30.Rh1 Rg7 31.Rh8 g5 32.f3 Be7 33.Ra8 Bd6 34.Be3 f5 35.Re8+ Be7 36.b4 f4
37.Bf2 Rh7 38.Ra8 Bd6 39.a3 Kd5 40.Kd3 Rh3 41.c4+ Ke6 42.Ke2 e4 43.fxe4 Rxa3
44.Bxb6 Bxb4 45.Rxa7 Rc3 46.Bd4 Rc2+ 47.Kf3 Rxc4 48.Ra6+ Kf7 49.Bf6 Be7 50.Bxe7 Kxe7
51.Rg6 Rc5 52.Ra6 Rc3+ 53.Kf2 Rg3 54.e5 Rxg4 55.Rg6 Kf7 56.Rf6+ Kg7 57.Rf5 Rg3
58.e6 Kg6 59.e7 Kxf5 60.e8=Q Kf6  1/2-1/2

[Event "Buenos Aires Konex"]
[Site "Buenos Aires"]
[Date "1991.??.??"]
[Round "6"]
[White "Gomez Baillo, Jorge H"]
[Black "Akopian, Vladimir"]
[Result "1/2-1/2"]
[WhiteElo "2425"]
[BlackElo "2555"]

1.e4 c5 2.Nf3 Nc6 3.Nc3 Nf6 4.d4 cxd4 5.Nxd4 d6 6.Be2 e6 7.O-O Be7 8.Be3 O-O
9.f4 Qc7 10.Kh1 Re8 11.a4 a6 12.Bg1 Bf8 13.Qd3 Nb4 14.Qg3 b6 15.e5 Nd7 16.Ne4 Bb7
17.Nxd6 Bxd6 18.exd6 Qxd6 19.Qa3 Qf8 20.Rad1  1/2-1/2

[Event "GEBA"]
[Site "Buenos Aires"]
[Date "1991.??.??"]
[Round "9"]
[White "Rodriguez, Antonio"]
[Black "Valiente, Cristobal"]
[Result "1-0"]
[WhiteElo "2325"]
[BlackElo "2370"]

1.e4 c5 2.Nc3 Nc6 3.Nge2 e6 4.g3 Nf6 5.Bg2 d5 6.exd5 exd5 7.d3 Be7 8.Bg5 d4
9.Bxf6 Bxf6 10.Ne4 O-O 11.O-O Be7 12.h3 Bd7 13.Nf4 Rc8 14.Re1 Re8 15.Qh5 Nb4
16.Qd1 Bc6 17.a3 Nd5 18.Nxd5 Bxd5 19.Qh5 Be6 20.b3 b6 21.a4 Qd7 22.Re2 f6
23.Rae1 Bf7 24.Qf3 Bf8 25.h4 Re5 26.Nd2 Bh5 27.Qb7 Rc7 28.Rxe5 Rxb7 29.Rxh5 Rb8
30.Bd5+ Kh8 31.Be4 h6 32.Rd5 Qc7 33.h5 a6 34.Nf3 b5 35.axb5 axb5 36.Nh4 Bd6
37.Bf5 c4 38.Rxb5 g5 39.Ng6+ Kg7 40.Rxb8 Qxb8 41.dxc4 Be5 42.Kg2 Qa8+ 43.Be4 Qa5
44.Re2 Bd6 45.Bd5 Qd8 46.Re1 Ba3 47.Re6 Bd6 48.g4 Qb8 49.Kf3 Bb4 50.Ra6 Bc5
51.Rc6 Ba3 52.Kg2 Bb4 53.c5 Qd8 54.Rd6 Qc8 55.Be6 Qa8+ 56.f3 f5 57.gxf5  1-0

[Event "BUL-ch"]
[Site "?"]
[Date "1991.??.??"]
[Round "4"]
[White "Grigorov, Jordan N"]
[Black "Topalov, Veselin"]
[Result "1-0"]
[WhiteElo "2385"]
[BlackElo "2455"]

1.e4 c5 2.Nc3 Nc6 3.Nge2 d6 4.d4 cxd4 5.Nxd4 Nf6 6.g3 Bg4 7.f3 Bd7 8.Be3 a6
9.g4 e6 10.g5 Nh5 11.f4 Nxd4 12.Qxd4 h6 13.h4 Ng3 14.Rg1 Nxf1 15.Rxf1 hxg5
16.hxg5 Qa5 17.O-O-O Rh4 18.Rh1 Rxh1 19.Rxh1 O-O-O 20.a4 Qc7 21.Rh8 Qc5 22.Rh7 Re8
23.e5 Bc6 24.exd6 Qxd4 25.Bxd4 Bxd6 26.Be5 Bxe5 27.fxe5 Rg8 28.b4 Kd8 29.b5 axb5
30.axb5 Bd7 31.Kb2 Ke7 32.Kb3 Rc8 33.Kb4 b6 34.Rxg7 Rc5 35.g6 Be8 36.gxf7 Bxf7
37.Na4 Rxc2 38.Nxb6 Ke8 39.Nc4 Bh5 40.b6 Be2  1-0

[Event "Burgas"]
[Site "Burgas"]
[Date "1991.??.??"]
[Round "10"]
[White "Kontic, Djordje"]
[Black "Manolov, Ivan"]
[Result "0-1"]
[WhiteElo "2335"]
[BlackElo "2380"]

1.e4 c5 2.Ne2 Nc6 3.Nbc3 e5 4.Ng3 g6 5.Bc4 Bg7 6.d3 Nge7 7.O-O O-O 8.f4 exf4
9.Bxf4 d6 10.Qd2 Be6 11.Bd5 Bxd5 12.exd5 Ne5 13.Nge4 Nf5 14.Kh1 Qd7 15.Bxe5 Bxe5
16.g4 Nd4 17.g5 Qh3 18.Nf6+ Kg7 19.Nce4 Nf3 20.Qg2 Qxg2+ 21.Kxg2 Nxg5 22.Nd7 Nxe4
23.Nxe5 Nf6 24.Rxf6 Kxf6 25.Nd7+ Ke7 26.Nxf8 Kxf8 27.c4 Rb8 28.a4 a5 29.Ra3 Ke7
30.Kf3 Kd7 31.d4 cxd4 32.Ke4 Re8+ 33.Kxd4 f5 34.Rh3 Re4+ 35.Kd3 Re7 36.Kd4 b6
37.b4 axb4 38.Rb3 Kc7 39.Rxb4 Re2 40.a5 bxa5 41.Rb5 Rxh2 42.Rxa5 Rh4+ 43.Kc3 g5
44.Ra7+ Kb6 45.Rf7 Rh6 46.Rxf5 Rg6 47.Rf1 g4 48.Rb1+ Kc7 49.Kd4 g3 50.Rg1 h5
51.Ke4 g2 52.Kf3 Kb6  0-1

[Event "JUG-chT Cetinje"]
[Site "Cetinje"]
[Date "1991.??.??"]
[Round "6"]
[White "Todorovic, Goran M"]
[Black "Vujacic, Borivoje"]
[Result "1/2-1/2"]
[WhiteElo "2490"]
[BlackElo "2325"]

1.e4 c5 2.Nf3 Nc6 3.Nc3 g6 4.d4 cxd4 5.Nxd4 Bg7 6.Be3 Nf6 7.Bc4 d6 8.f3 Qb6
9.Bb5 Qc7 10.Nd5 Nxd5 11.exd5 a6 12.Nxc6 axb5 13.Bd4 O-O 14.Bxg7 Kxg7 15.Qd4+ Kg8
16.Nb4 Qc5 17.O-O-O Bf5 18.a3 Rac8 19.g4 Qxd4 20.Rxd4 Bd7 21.Re1 Rfe8 22.Kd2 h6
23.Rde4 Kf8 24.c3 Rc5 25.Rd4 Rec8 26.Nc2 Rc4 27.h3 Rxd4+ 28.cxd4 Ke8 29.f4 Rc4
30.Kd3 Ra4 31.Nb4 Ra8 32.Na2 Kd8 33.Nc3 Ra6 34.Rg1 Ra8 35.Rf1 Ke8 36.Re1 Rc8
37.Re3 Kf8 38.Re1 h5 39.Rg1 hxg4 40.hxg4 Kg7 41.Re1 Kf8 42.Rg1 Kg7  1/2-1/2

[Event "POL-ch"]
[Site "Cetniewo"]
[Date "1991.??.??"]
[Round "9"]
[White "Jaracz, Pawel"]
[Black "Kuczynski, Robert"]
[Result "0-1"]
[WhiteElo "2300"]
[BlackElo "2465"]

1.e4 c5 2.Nc3 Nc6 3.Nf3 g6 4.d4 cxd4 5.Nxd4 Bg7 6.Be3 Nf6 7.Nb3 O-O 8.Be2 d6
9.f4 a5 10.a4 Be6 11.O-O Qc8 12.Kh1 Nb4 13.Rc1 Bc4 14.Bb6 Nd7 15.Bxa5 Bxc3
16.bxc3 Bxe2 17.Qxe2 Nc6 18.Qb5 Nxa5 19.Nxa5 Nc5 20.e5 dxe5 21.fxe5 Qc7 22.Nc4 Nxa4
23.Rf3 Qc6 24.Qb4 Nc5 25.Na5 Qc7 26.Nb3 Nxb3 27.cxb3 Qxe5 28.Qxb7 Rab8 29.Qa7 Rxb3
30.Re3 Rb7 31.Rxe5 Rxa7 32.c4 Rc8 33.g4 f6 34.Re4 Rc5 35.Kg2 Kf7 36.Kf3 Ra3+
37.Kf2 Ra2+ 38.Kg3 Ra3+ 39.Kf2 Ra2+ 40.Kg3 Ra7 41.Rd4 Ra3+ 42.Kf2 Ra4 43.Rc3 h5
44.h3 h4 45.Kf3 Re5 46.Rd2 Rc5 47.Rd4 g5 48.Ke3 Ke8 49.Kd3 Ra2 50.Re4 e5
51.Re1 Rh2 52.Ke4 Rf2 53.Rec1 Ke7 54.R1c2 Rf4+ 55.Ke3 Ke6 56.Rc1 Kd7 57.Rd3+ Kc6
58.Rdc3 Kc7 59.R1c2 Kc6 60.Rf2 Ra5  0-1

[Event "Capablanca mem-C"]
[Site "Cienfuegos"]
[Date "1991.??.??"]
[Round "6"]
[White "Pazos, Plinio"]
[Black "Ochoa de Echaguen, F Javier"]
[Result "1/2-1/2"]
[WhiteElo "2330"]
[BlackElo "2390"]

1.e4 c5 2.Nc3 Nc6 3.Nge2 Nf6 4.g3 e6 5.Bg2 d5 6.exd5 exd5 7.d4 cxd4 8.Nxd4 Bg4
9.Nce2 Bc5 10.f3 Bd7 11.c3 O-O 12.O-O Re8 13.Kh1 h6 14.g4 Ne5 15.Ng3 Nc4
16.Qd3 Ne5 17.Qd1 Nc4 18.Qd3 Ne5  1/2-1/2

[Event "Clichy op"]
[Site "Clichy"]
[Date "1991.??.??"]
[Round "4"]
[White "Kovalev, Andrei"]
[Black "Giffard, Nicolas"]
[Result "1-0"]
[WhiteElo "2520"]
[BlackElo "2305"]

1.e4 c5 2.Nf3 Nc6 3.Nc3 d6 4.d4 cxd4 5.Nxd4 Nf6 6.Bg5 Qb6 7.Nb3 e6 8.Bf4 Ne5
9.Be3 Qc7 10.f4 Nc6 11.g4 a6 12.g5 Nd7 13.h4 b5 14.Qd2 Nb6 15.Qf2 Rb8 16.Bd3 Nc4
17.O-O-O Nxe3 18.Qxe3 Be7 19.h5 b4 20.Ne2 a5 21.Nbd4 Nxd4 22.Nxd4 Qc5 23.e5 dxe5
24.fxe5 h6 25.gxh6 gxh6 26.Kb1 Bg5 27.Qe2 Bd7 28.Rhf1 Rf8 29.Bc4 a4 30.Qd3 Rd8
31.Nb5 Bxb5 32.Bxb5+ Ke7 33.Qd7+ Rxd7 34.Rxd7+ Ke8 35.Rd5+  1-0

[Event "Clichy op"]
[Site "Clichy"]
[Date "1991.??.??"]
[Round "5"]
[White "Dunworth, Christopher"]
[Black "Kovalev, Andrei"]
[Result "0-1"]
[WhiteElo "2330"]
[BlackElo "2520"]

1.e4 c5 2.Nc3 Nc6 3.Nge2 d6 4.g3 g6 5.Bg2 Bg7 6.O-O e6 7.d3 Nge7 8.Be3 Nd4
9.Qd2 O-O 10.Nd1 b6 11.f4 Bb7 12.g4 f5 13.gxf5 Nxe2+ 14.Qxe2 gxf5 15.Nc3 Qd7
16.Rae1 Rae8 17.Kh1 d5 18.Bc1 Ng6 19.Qh5 d4 20.Nd1 Qd8 21.Kg1 Nh4 22.Rf2 Kh8
23.a4 Rg8 24.Kh1 Bf6 25.Bh3 Rg7 26.b3 Reg8 27.Rfe2 Bc6  0-1

[Event "Copenhagen op"]
[Site "Copenhagen"]
[Date "1991.??.??"]
[Round "3"]
[White "Ciric, Dragoljub M"]
[Black "Sorensen, Henrik"]
[Result "1/2-1/2"]
[WhiteElo "2380"]
[BlackElo "2255"]

1.e4 c5 2.Nf3 Nc6 3.Nc3 g6 4.d4 cxd4 5.Nxd4 Bg7 6.Nb3 Nf6 7.Be2 O-O 8.O-O d6
9.Bg5 Bd7 10.Kh1 Rc8 11.f4 Be6 12.f5 Bd7 13.Qe1 Ne5 14.Qh4 b5 15.Nd4 b4 16.Nd5 Nxd5
17.exd5 f6 18.Be3 gxf5 19.Bd3 Nxd3 20.cxd3 Rf7 21.Nxf5 Rc2 22.Qxb4 Bxf5 23.Rxf5 Qc8
24.Rf2 f5 25.Bxa7 Bxb2 26.Rb1 Rc1+ 27.Rf1 Qc2 28.Rbxc1 Bxc1 29.Bd4 f4 30.Qc4 Qxc4
31.dxc4 Be3 32.Rf3 Bc1 33.a4 Rf8 34.a5 Ra8 35.Bb6 Be3 36.Rf1 Ra6 37.Rb1 Kf7
38.g3 Bd2 39.Rb5 fxg3 40.hxg3 Kf6 41.Kg2 Ke5 42.Kf3 h5 43.Ke2 Bc3 44.Kd3 Be1
45.c5 Kxd5 46.cxd6+ Kxd6 47.Kc4 e5 48.Rc5 Bxg3 49.Rc8 h4 50.Kb5 Rxa5+ 51.Bxa5 Kd5
52.Rh8 Kd4 53.Bd8 e4 54.Bg5 Kd3 55.Ra8 Ke2 56.Kc4 h3 57.Ra2+ Kf3 58.Ra3+ Kg4
59.Be3 h2 60.Ra1 Kf3 61.Bd4 e3  1/2-1/2

[Event "Copenhagen op"]
[Site "Copenhagen"]
[Date "1991.??.??"]
[Round "4"]
[White "Berg, Klaus"]
[Black "Volodin, Viktor"]
[Result "1-0"]
[WhiteElo "2420"]
[BlackElo "2225"]

1.e4 c5 2.Nc3 Nc6 3.Nge2 e5 4.Nd5 Nge7 5.Nec3 Nxd5 6.Nxd5 Be7 7.Bc4 d6 8.O-O Be6
9.d3 O-O 10.c3 Bg5 11.Qe2 Bxc1 12.Raxc1 Qd7 13.a3 Ne7 14.Ne3 b5 15.Bxe6 Qxe6
16.Rfd1 d5 17.exd5 Nxd5 18.Nxd5 Qxd5 19.c4 bxc4 20.dxc4 Qe6 21.Rd5 Rae8 22.Rxc5 f5
23.Qd2 Rf7 24.Qd5 Qe7 25.Rd1 e4 26.Qd6 Qg5 27.Re5 Rxe5 28.Qxe5 h5 29.Qe6 h4
30.h3 g6 31.c5 Kg7 32.c6 Qe7 33.Qd6 e3 34.Qd4+ Kh7 35.Qxe3 Qxe3 36.fxe3  1-0